Miasta w Polsce z końcówką "-aw" - Nagła Śmierć - Statystyki

Ogólne statystyki
  • Ten quiz został rozwiązany 123 razy
  • Średni wynik to 6 z 8
Answers on the Grid
Answers color-coded by a green-red scale on the quiz's grid according to % correct below.
Basław
Biały Staw
Bronisław
Czesław
Gocław
Inowrocław
Jarosław
Korsław
Krasnystaw
Lasaw
Miłosław
Nowy Staw
Przecław
Puław
Taraw
Ubysław
Wodzisław
Wrocław
Zacław
Zastaw
 
Statystyki odpowiedzi
Odpowiedź % Poprawnych
Wrocław
96%
Inowrocław
94%
Wodzisław
86%
Jarosław
78%
Krasnystaw
76%
Nowy Staw
46%
Przecław
40%
Miłosław
38%
Nie znaleziono quizów pasujących do podanych kryteriów
Rozkład punktacji
Procent ludzi z każdym wynikiem
Percentyl według liczby udzielonych odpowiedzi
Twoja historia wyników
Nie rozwiązałeś tego quizu